000 00281nam a2200121Ia 4500
008 190216s9999||||xx |||||||||||||| ||und||
100 _a"A Pitiet,Kandaswami A"
245 0 _aAnalog Electronics
260 _bPhi Learning
_c2009
300 _a348
650 _aPhysics
942 _cBK
999 _c34400
_d34400